[Event "Chigorin Memorial 26th"]
[Site "St Petersburg"]
[Date "2018.11.03"]
[Round "8"]
[White "Khalilov, Emin"]
[Black "Ponomarev, Denis1"]
[Result "1-0"]
[WhiteElo "1556"]
[BlackElo "1879"]
[PlyCount "63"]
[EventDate "2018.10.27"]
[EventType "swiss"]
[EventRounds "9"]
[EventCountry "RUS"]
[SourceTitle "CBM 187 Extra"]
[Source "ChessBase"]
[SourceDate "2018.11.04"]
[SourceVersion "1"]
[SourceVersionDate "2018.11.04"]
[SourceQuality "1"]

1. e4 c5 2. Nf3 e6 3. d4 cxd4 4. Nxd4 Nc6 5. Nc3 Qc7 6. Nxc6 bxc6 7. Bd3 Nf6 8. 0-0 Bd6 9. f4 e5 10. f5 0-0 11. Be3 Rb8 12. g4 h6 13. h4 h5 14. gxh5 Qa5 15. Rb1 Bc5 16. Bxc5 Qxc5+ 17. Kh1 d5 18. Qf3 Kh7 19. Qg3 Qd6 20. Qg5 Bb7 21. Rg1 Rg8 22. Kh2 c5 23. Nb5 Qb6 24. exd5 Bxd5 25. Nc3 Ba8 26. Bc4 Qc7 27. h6 Rb4 28. b3 e4+ 29. Kh3 Qe5 30. Bxf7 Ne8 31. Qg6+ Kh8 32. hxg7+ 1-0

[Event "Chigorin Memorial 26th"]
[Site "St Petersburg"]
[Date "2018.11.01"]
[Round "6"]
[White "Khalilov, Emin"]
[Black "Chagina, Ulyana"]
[Result "1-0"]
[WhiteElo "1556"]
[BlackElo "1727"]
[PlyCount "73"]
[EventDate "2018.10.27"]
[EventType "swiss"]
[EventRounds "9"]
[EventCountry "RUS"]
[SourceTitle "CBM 187 Extra"]
[Source "ChessBase"]
[SourceDate "2018.11.04"]
[SourceVersion "1"]
[SourceVersionDate "2018.11.04"]
[SourceQuality "1"]

1. e4 e6 2. d4 d5 3. Nd2 c5 4. exd5 exd5 5. Ngf3 Nf6 6. c3 Be7 7. Bd3 0-0 8. 0-0 Nc6 9. Re1 Qb6 10. Ne5 Nxe5 11. dxe5 Ng4 12. c4 Rd8 13. Qc2 h5 14. Nf3 dxc4 15. Bxc4 Be6 16. h3 Nh6 17. Bxh6 gxh6 18. Bxe6 Qxe6 19. Qe4 Rd7 20. Rad1 Rad8 21. Rxd7 Rxd7 22. Qf4 Kh7 23. g3 Kg7 24. Kg2 b5 25. g4 Qg6 26. e6 Rd5 27. Ne5 Qf6 28. Qxf6+ Kxf6 29. Nxf7 hxg4 30. hxg4 Kg7 31. Re2 a5 32. f4 a4 33. Kf3 Rd4 34. Rh2 b4 35. Nxh6 Rd3+ 36. Ke2 Rd8 37. Nf5+ 1-0

[Event "Chigorin Memorial 26th"]
[Site "St Petersburg"]
[Date "2018.10.30"]
[Round "4"]
[White "Timirev, Sergey"]
[Black "Khalilov, Emin"]
[Result "1/2-1/2"]
[WhiteElo "1788"]
[BlackElo "1556"]
[PlyCount "135"]
[EventDate "2018.10.27"]
[EventType "swiss"]
[EventRounds "9"]
[EventCountry "RUS"]
[SourceTitle "CBM 187 Extra"]
[Source "ChessBase"]
[SourceDate "2018.11.04"]
[SourceVersion "1"]
[SourceVersionDate "2018.11.04"]
[SourceQuality "1"]

1. d4 Nf6 2. c4 e6 3. Nc3 Bb4 4. e3 b6 5. Nge2 Bb7 6. a3 Bxc3+ 7. Nxc3 0-0 8. b4 d5 9. c5 Ne4 10. Nxe4 dxe4 11. Be2 f5 12. f4 Nd7 13. Bc4 Bd5 14. Bxd5 exd5 15. Qe2 Nf6 16. Bb2 c6 17. a4 Rb8 18. Bc3 bxc5 19. dxc5 d4 20. Qc4+ Qd5 21. Qxd4 Qxd4 22. Bxd4 Rxb4 23. Bxf6 Rxf6 24. 0-0 Rf7 25. Rfd1 Rc7 26. Kf1 Rc4 27. Rdc1 Rxc1+ 28. Rxc1 Rd7 29. Ke2 Rd5 30. Rb1 a5 31. Rc1 Kf7 32. Rc2 Ke6 33. Rc3 Rd7 34. Rc2 Rd3 35. Rb2 Rc3 36. Rb7 Kf6 37. Ra7 Rxc5 38. Ra6 g5 39. fxg5+ Kxg5 40. Ra7 h5 41. Rg7+ Kf6 42. Ra7 Rc2+ 43. Kf1 Rc3 44. Ke2 Rc5 45. Rh7 Rc4 46. Rxh5 Kg6 47. g4 fxg4 48. Rxa5 Rc2+ 49. Kf1 Rxh2 50. Re5 Rc2 51. Rxe4 Kg5 52. Rf4 c5 53. Rf2 Rxf2+ 54. Kxf2 c4 55. a5 c3 56. a6 c2 57. a7 c1Q 58. a8Q Qd2+ 59. Kf1 Qd1+ 60. Kf2 Qd2+ 61. Kf1 Qxe3 62. Qg8+ Kh4 63. Qh7+ Kg3 64. Qc7+ Kf3 65. Qf7+ Kg3 66. Qc7+ Qf4+ 67. Qxf4+ Kxf4 68. Kg2 1/2-1/2

[Event "Chigorin Memorial 26th"]
[Site "St Petersburg"]
[Date "2018.10.27"]
[Round "1"]
[White "Khalilov, Emin"]
[Black "Eynullayev, Altay Elshan"]
[Result "0-1"]
[WhiteElo "1556"]
[BlackElo "2180"]
[PlyCount "108"]
[EventDate "2018.10.27"]
[EventType "swiss"]
[EventRounds "9"]
[EventCountry "RUS"]
[SourceTitle "CBM 187 Extra"]
[Source "ChessBase"]
[SourceDate "2018.11.04"]
[SourceVersion "1"]
[SourceVersionDate "2018.11.04"]
[SourceQuality "1"]

1. e4 c5 2. Nf3 d6 3. d4 cxd4 4. Nxd4 Nf6 5. Nc3 a6 6. Bg5 Nbd7 7. f4 Qc7 8. Qf3 h6 9. Bh4 g5 10. fxg5 hxg5 11. Bxg5 Qc5 12. Be3 Ne5 13. Qe2 Neg4 14. Bg1 Bh6 15. Qc4 Qg5 16. Nf3 Qf4 17. Nd5 Nxd5 18. exd5 Bf5 19. Qxf4 Bxf4 20. c4 Rc8 21. Rd1 Bg3+ 22. Kd2 Be4 23. Bd4 Rh6 24. h3 Bf4+ 25. Kc3 Bxd5 26. Be2 Bxf3 27. Bxf3 Ne5 28. Bxb7 Rxc4+ 29. Kb3 a5 30. Bd5 Rb4+ 31. Kc2 e6 32. Bb3 a4 33. Kc3 Nc6 34. Bc4 d5 35. Be2 Rxd4 36. Rxd4 Be5 37. Bb5 Bxd4+ 38. Kd3 e5 39. Rc1 Kd7 40. Bxa4 Bxb2 41. Rc5 Rd6 42. Bxc6+ Rxc6 43. Rxd5+ Rd6 44. Rxd6+ Kxd6 45. g4 Kd5 46. a4 e4+ 47. Ke2 Bd4 48. h4 Ke5 49. h5 Kf6 50. a5 Kg5 51. a6 f5 52. gxf5 Kxf5 53. h6 Kg6 54. a7 Bxa7 0-1

[Event "Chigorin Memorial 25th"]
[Site "St Petersburg"]
[Date "2017.10.26"]
[Round "6"]
[White "Khalilov, Emin"]
[Black "Klevets, Ksenia"]
[Result "0-1"]
[WhiteElo "1470"]
[BlackElo "1948"]
[PlyCount "120"]
[EventDate "2017.10.21"]
[EventType "swiss"]
[EventRounds "9"]
[EventCountry "RUS"]
[SourceTitle "CBM 181 Extra"]
[Source "ChessBase"]
[SourceDate "2017.12.12"]
[SourceVersion "1"]
[SourceVersionDate "2017.12.12"]
[SourceQuality "1"]

1. e4 c5 2. Nf3 Nc6 3. d4 cxd4 4. Nxd4 Nf6 5. Nc3 g6 6. Be3 Bg7 7. Bd3 d5 8. Bb5 Bd7 9. exd5 Nb4 10. d6 exd6 11. Bxd7+ Qxd7 12. Ndb5 0-0 13. 0-0 a6 14. Nd4 Rac8 15. a3 Nc6 16. h3 Ne5 17. Nde2 Nc4 18. Bc1 Rfe8 19. b3 Ne4 20. bxc4 Nxc3 21. Nxc3 Bxc3 22. Rb1 Rxc4 23. Be3 d5 24. Qf3 b5 25. Rfd1 d4 26. Bd2 Qc6 27. Qxc6 Rxc6 28. Bxc3 Rxc3 29. Rb3 Rxb3 30. cxb3 Rd8 31. Rd3 Kg7 32. f3 Kf6 33. Kf2 Ke5 34. Rd2 Rc8 35. Re2+ Kd5 36. Rb2 Rc3 37. Ke2 Ke5 38. g3 d3+ 39. Kd2 Kd4 40. a4 b4 41. g4 f5 42. h4 Rc2+ 43. Rxc2 dxc2 44. Kxc2 Ke3 45. h5 Kxf3 46. hxg6 hxg6 47. gxf5 gxf5 48. Kd3 Kg3 49. Kc4 f4 50. Kxb4 f3 51. Ka5 f2 52. Kxa6 f1Q+ 53. Kb6 Qf6+ 54. Kb5 Qe5+ 55. Kc4 Qa5 56. b4 Qxa4 57. Kc5 Qa7+ 58. Kb5 Kf4 59. Kc6 Qa6+ 60. Kc5 Ke5 0-1